|
|
แสดงรายละเอียดบรรณานุกรม |
|
|
Brief Record
: Get Marc (ISO 2709)
: E-mail record
: |
|
|
| LEADER 00000nama 2200000uu 4500 | |||
| 008 040531s|||| th m m a000 0 tha d | |||
| 020 974- 8369-44-7 | |||
| 041 tha | |||
| 050 G860 ท622 | |||
| 100 เทพรัตนราชสุดาฯสยามบรมราชกุมารี,สมเด็จพระ. | |||
| 245 แอนตาร์กติกาหนาวหน้าร้อน. | |||
| 250 พิมพ์ครั้งที่ 4. | |||
| 260 2549. กรุงเทพฯ. อมริทร์พริ้นติ้งแอนด์พับลิชชิ่ง. | |||
| 300 210หน้า. | |||
| 440 ชุดเสด็จพระราชดำเนินเยือนต่างประเทศ ลำดับที่ 26. | |||
| 600 แอนตาร์ติกา--ภูมิประเทศและการท่องเทียว. | |||
| 650 นิวซีแลนด์. | |||
| 995 001 | |||
| คุณยังไม่ได้ล็อกอิน คุณสามารถมีกิจกรรมร่วมกับเว็บไซต์ได้ แต่ต้องล็อกอินก่อน :: |
|
| สถานะ | |||||||||
| 1. | หนังสือทั่วไป | G860 ท622 | On Shelf ขอยืม | ||||||
| 2. | หนังสือทั่วไป | G860 ท622 | On Shelf ขอยืม | ||||||
| [แสดง 2/2 รายการ] | |||||||||
| รายการใกล้เคียง ผู้แต่ง [เทพรัตนราชสุดาฯสยามบรมราชกุมารี,สมเด็จพระ.] |
BibComment |
| คอมเมนท์ทรัพยากรรายการนี้ |
|
|